Apuntes para la historia de Arequipa / (Record no. 15749)

000 -CABECERA
fixed length control field 01080nam a22002057a 4500
003 - IDENTIFICADOR DEL NÚMERO DE CONTROL
control field AR-CdUCM
008 - DATOS DE LONGITUD FIJA--INFORMACIÓN GENERAL
fixed length control field 190329b ||||| |||| 00| 0 spa d
040 ## - FUENTE DE LA CATALOGACIÓN
Agencia/entidad que catalogó originalmente la obra MUNICIPALIDAD PROVINCIAL DEL CUSCO
Entidad que transcribió la catalogación BIBLIOTECA MUNICIPAL DEL CUSCO
082 ## - NÚMERO DE LA CLASIFICACIÓN DECIMAL DEWEY
No. de Clasificación 985.41 /
Notacion interna Z24 A / 1958
100 ## - ENTRADA PRINCIPAL--NOMBRE DE PERSONA
Nombre Personal Zamácola y Jáuregui, Juan Domingo de
245 ## - MENCIÓN DE TÍTULO
Título Apuntes para la historia de Arequipa /
260 ## - PUBLICACIÓN, DISTRIBUCIÓN, ETC.
Lugar de publicación, distribución, etc. Arequipa :
Nombre de la editorial, distribuidor, etc. Mejia Vaca,
Fecha de publicación, distribución, etc. 1958.
300 ## - DESCRIPCIÓN FÍSICA
Nº de Páginas Extensión 98 paginas ;
Dimensiones 17 cm.
505 ## - NOTA DE CONTENIDO CON FORMATO
Nota de contenido formateada Contenido : Apuntes para la historia de Arequipa -- Noticia del cura Zamácola, por Jose Hurtado de Villafuerte -- Comunicaciones del párroco de Cayma D. Juan Domingo Zamácola al intendente de Arequipa D. Antonio Alvarez, relacionadas con la visita a su doctrina -- El párroco de Cayma sugiere al intendente de Arequipa que aprovechando de la mensura y concesión de solares en su doctrina, se aproveche para abrir nuevas calles...
650 ## - PUNTO DE ACCESO ADICIONAL DE MATERIA--TÉRMINO DE MATERIA
Descriptor Historia de Arequipa
9 (RLIN) 1704
650 ## - PUNTO DE ACCESO ADICIONAL DE MATERIA--TÉRMINO DE MATERIA
Descriptor Poblado de Cayma
9 (RLIN) 26543
650 ## - PUNTO DE ACCESO ADICIONAL DE MATERIA--TÉRMINO DE MATERIA
Descriptor Párroco
9 (RLIN) 26544
942 ## - ELEMENTOS DE PUNTO DE ACCESO ADICIONAL (KOHA)
Fuente de clasificación
Tipo de item Libros-BMC
945 ## - PROCESAMIENTO DE INFORMACIÓN LOCAL (OCLC)
Catalogador wnts
AAAA-MM-DD - Fecha de ingreso o modificacion 2019-04-29
Holdings
Estado de retiro (separado) Fuente de clasificación o esquema de estanterías Estado dañado Ubicación Sala donde se ubica Nombre de la colección Fecha de adquisición o compra Costo, precio normal en soles Signatura topográfica Código de Barras Última vez visto (Koha) Tipo de ítem (Koha)
No     Sala Cusco Antiguo Sala Cusco Antiguo Book Cart 2019-04-29 35.00 985.41 / Z24 A / 1958 / e.2 SCA0003462 2019-04-29 Libros-BMC

Powered by Koha